00253nam a2200109Ia 4500008004100000100001800041245002400059260002600083650001000109942000700119999001700126190216s9999||||xx |||||||||||||| ||und|| aRajendra Jain 0aHindi-Kar Ki Kahani bPoorna Pubs Kozhikode aHindi cBK c15356d15356